000 01290nmc a2200457 a 4500
003 AR-BaBNM
005 20251128210621.0
008 011101s1998 ||||||||||||||000 | spa||
020 _a950-694-528-4
040 _cAR-BaBNM
100 1 _aBouilly, Víctor
245 1 0 _aEl tiempo bien ganado
_blibros, personas, ideas
250 _a1ª ed.
260 _aBuenos Aires
_bGrupo Editor Latinoamericano
_c1998
300 0 _a308 p.
490 0 _aEscritura de hoy
600 1 4 _aSpitzer, Leo
600 1 4 _aMármol, José
_d1817-1871
600 1 4 _aAlberdi, Juan Bautista
_d1810-1884
600 1 4 _aEcheverría, Esteban
_d1805-1851
600 1 4 _aGutiérrez, Juan María
_d1809-1878
600 1 4 _aWilde, Eduardo
_d1844-1913
600 1 4 _aPayró, Roberto J.
600 1 4 _aAngelis, Pedro de
600 1 4 _aGuillén, Jorge
600 1 4 _aRostropovich, Mstislav
600 1 4 _aHoffman, Werner
600 1 4 _aPosse, Abel
600 1 4 _aQuiroga, Horacio
650 4 _aLITERATURA ARGENTINA
650 4 _aENSAYO
650 4 _aCRITICA LITERARIA
650 4 _aESCRITORES
650 4 _aSIGLO DIECINUEVE
650 4 _aLITERATURA CONTEMPORANEA
650 4 _aBALLET
650 4 _aMUSICA CLASICA
655 _aLITERATURA
700 1 _aRequeni, Antonio
_eprologuista
942 _cBK
999 _c16200
_d16200